Score 0/17 Timer 07:00
1 Play Today
# Deity % Correct
9Vishnu
88%
3Shiva
81.3%
8Ganesh
76.3%
5Brahma
64.3%
11Krishna
62.1%
13Kali
54.3%
6Lakshmi
50.1%
15Hanuman
46.5%
1Indra
44.8%
# Deity % Correct
12Saraswati
41.7%
17Parvati
41.5%
14Durga
38.2%
2Surya
35.1%
7Agni
33.7%
4Vayu
27.8%
16Murugan
25.6%
10Nataraja
17%
Come Together.
Have Fun.
All Virtual.
We all need to come together. Play Sporcle's virtual live trivia to have fun, connect with people, and get your trivia on. Join a live hosted trivia game for your favorite pub trivia experience done virtually. If a virtual private party is more your thing, go here for details.

You're not logged in!

Compare scores with friends on all Sporcle quizzes.
OR
Log In

Sporcle TV

Today on Sporcle TV


Watch our educational content, quiz creation guides, and fun videos on Sporcle TV.

Show Comments

Extras

Top Quizzes Today


Score Distribution

Paid Content

Your Account Isn't Verified!

In order to create a playlist on Sporcle, you need to verify the email address you used during registration. Go to your Sporcle Settings to finish the process.

Report this User

Report this user for behavior that violates our Community Guidelines.

Details: